000 00834nam0a22002651 4500
001 rc\2813657
005 20250806210910.0
035 _a(NLR Aleph) 006939457
090 _a38653
_c38653
100 _a20110915d1945 u y0rusy50 ca
101 0 _arus
102 _aRU
105 _ay z |||||
200 1 _aМетод работы машиниста-крановщика Черепанова
_fБ. Долинов
205 _a2-е изд., доп.
210 _aМосква
_cИзд. и 1-я тип. Трансжелдориздата
_d1945
215 _a28 с.
_d14 см.
700 1 _aДолинов
_bБ.
801 0 _aRU
_bNLR
_gpsbo
801 1 _aRU
_bELAR
_2rusmarc
852 _aNLR
_jТ86 Г-2/161
942 _cBOOK
945 _aРоссийская национальная библиотека
980 _aNB
980 _aBV